Física : la naturaleza de las cosas /
La física es un conjunto de ideas que describen al universo en diferentes niveles de detalle; es un conjunto de métodos para usarlos y comprender el mundo que nos rodea. Contenido: V. 1: La mecánica newtoniana; Las leyes de la conservación; Sistemas continuos; Movimiento oscilatorio y ondulatorio; T...
Guardat en:
| Autor principal: | |
|---|---|
| Altres autors: | |
| Format: | Llibre |
| Idioma: | espanyol |
| Publicat: |
México :
Thomson,
1999, c1999
|
| Matèries: | |
| Etiquetes: |
Sense etiquetes, Sigues el primer a etiquetar aquest registre!
|
MARC
| LEADER | 00000nam^a2200000^a^4500 | ||
|---|---|---|---|
| 001 | 000156927 | ||
| 005 | 20250521000000.0 | ||
| 009 | 20260310100521.716 | ||
| 020 | |a 968-7529-37-7 | ||
| 037 | |a Acervo ITESO - Biblioteca | ||
| 041 | |a ESP | ||
| 082 | |a 530. |b LEA | ||
| 100 | |a Lea, Susan M. |e (autor) | ||
| 245 | 1 | 0 | |a Física : |b la naturaleza de las cosas / |c S.M. Lea, J.R. Burke ; tr. por Virgilio González Pozo. |
| 264 | 4 | |a México : |b Thomson, |c 1999, c1999 | |
| 300 | |a 2 v. (XXIX 754 [19] h., XIII p. 756-1201 [18] h., p.) | ||
| 336 | |a texto |b txt |2 rdacontenido | ||
| 337 | |a sin mediación |b n |2 rdamedio | ||
| 338 | |a volumen |b nc |2 rdasoporte | ||
| 520 | |a La física es un conjunto de ideas que describen al universo en diferentes niveles de detalle; es un conjunto de métodos para usarlos y comprender el mundo que nos rodea. Contenido: V. 1: La mecánica newtoniana; Las leyes de la conservación; Sistemas continuos; Movimiento oscilatorio y ondulatorio; Termodinámica. V. 2.: Campos electromagnéticos; Electrodinámica; La física del siglo XX. | ||
| 649 | |a XX | ||
| 650 | |a Física - |x Tema Principal | ||
| 650 | |a Física - |x Teoría | ||
| 700 | |a Burke, John Robert |e (autor) | ||
| 910 | |a Fondo General | ||
| 920 | |a Impresos - Libros | ||
| 930 | |a Colección General | ||
| 905 | |a 101 | ||
| 901 | |a 0500084048 |b IT1 |c ACC |u 20250521 | ||
| 901 | |a 0500084102 |b IT1 |c ACC |u 20250521 | ||
| 902 | |a https://opac.biblio.iteso.mx/vufind/Record/000156927 | ||